| 000 | 00765cac a22002171u 4500 | ||
|---|---|---|---|
| 090 | _c6567 | ||
| 008 | 081106t1995 xxu||||| |||| 00| 0 eng d | ||
| 010 | _a94015869 | ||
| 020 | _a0393033643 | ||
| 082 | 0 | 0 |
_a155.89431 _bMAA |
| 100 | _aMaaz, Hans-Joachim, | ||
| 245 | 1 | 0 |
_aBehind the wall : _bthe inner life of Communist Germany / _cby Hans-Joachim Maaz ; translated from the German by Margot Bettauer Dembo. |
| 260 |
_aNew York : _bW.W. Norton, _cc1995. |
||
| 300 |
_axix, 226 p. ; _c22 cm. |
||
| 500 | _aIncludes index. | ||
| 500 | _aDistributer: Al-Ahram. | ||
| 511 | _aCatalogued By: Mahitab. | ||
| 650 | 0 |
_aSocialism _zGermany (East) _xPsychological aspects. |
|
| 651 | 0 |
_aGermany (East) _xPolitics and government. |
|
| 942 |
_cBB _k155.89431MAA _2ddc |
||
| 999 |
_c6567 _d6567 |
||